Constraints to the development of fish farming in Mufulira (Record no. 79761)

MARC details
000 -LEADER
fixed length control field 00675nam a2200169 a 4500
008 - FIXED-LENGTH DATA ELEMENTS--GENERAL INFORMATION
fixed length control field 170215s2015 ||||||||||||||||| || u
050 ## - LIBRARY OF CONGRESS CALL NUMBER
Classification number CBU-UG THESIS/MWA
100 ## - MAIN ENTRY--PERSONAL NAME
Personal name Mwape, Collins
245 10 - TITLE STATEMENT
Title Constraints to the development of fish farming in Mufulira
Statement of responsibility, etc. by Collins Mwape
260 ## - PUBLICATION, DISTRIBUTION, ETC.
Place of publication, distribution, etc. Kitwe:
Name of publisher, distributor, etc. Copperbelt University, School of Natural Resources
Date of publication, distribution, etc. 2015
300 ## - PHYSICAL DESCRIPTION
Extent ix, 39p.: ill.
500 ## - GENERAL NOTE
General note Includes References
650 ## - SUBJECT ADDED ENTRY--TOPICAL TERM
Topical term or geographic name entry element FISHERIES--ZAMBIA
650 ## - SUBJECT ADDED ENTRY--TOPICAL TERM
Topical term or geographic name entry element FISH-CULTURE--ZAMBIA
650 ## - SUBJECT ADDED ENTRY--TOPICAL TERM
Topical term or geographic name entry element AQUACULTURE INDUSTRY--ZAMBIA
995 ## -
-- SPECIAL COLLECTIONS
-- 4209
-- CBU-MAIN LIBRARY (Kitwe)
-- CBU-UG THESIS/MWA
-- 2
-- AVAILABLE
-- Jul 27, 2020
-- B4209
-- University Collection
999 ## -
-- 79761
-- 79761
Holdings
Withdrawn status Lost status Source of classification or shelving scheme Damaged status Not for loan Permanent Location Current Location Shelving location Date acquired Total Checkouts Full call number Barcode Date last seen Copy number Price effective from Koha item type
          CBU-MAIN LIBRARY, KITWE. CBU-MAIN LIBRARY, KITWE.   06/29/2023   CBU-UG THESIS/MWA B4209 06/29/2023 1 06/29/2023 SPECIAL COLLECTION